| 000 | 00394nam a2200145Ia 4500 | ||
|---|---|---|---|
| 008 | 230411s9999 xx 000 0 und d | ||
| 020 | _a978-93-85999-21-5 | ||
| 041 | _aeng | ||
| 082 | _aP/610.7362/SUD/B08922 | ||
| 100 | _aSudhakar A | ||
| 245 | _aEssentials of Pediatric Nursing | ||
| 260 |
_bJaypee Brothers _aNew Delhi _c2017 |
||
| 300 | _a1512p | ||
| 999 |
_c158312 _d158312 |
||